000 00690nam a22001937a 4500
005 20250127123850.0
010 _aBACEN25
020 _a9789355017352
_c650.00
037 _bS. Chand
082 _a170.44
_22nd
100 _aUpadhyay, Ranvijay
_977125
245 _aEthics Integrity And Aptitude in Governance/
_cBy Ranvijay Upadhyay
250 _a2
260 _aNew Delhi
_bS Chand and Company Limited
_c2023
270 _a A-27, 2nd Floor, Mohan Co-operative Industrial Estate
_bNew Delhi
_e110044
_minfo@schandpublishing.com
_k011-49731800
300 _axxii,589p.
_c23cm(pb)
500 _a For UPSC Civil Services Examination
942 _2ddc
_cEN
_h170.44
_mUPA
_e2nd
999 _c208730
_d208730